Top 10 des communes de France par lettre - G - Statistiques

Statistiques générales
  • Ce quiz a été pris 124 fois
  • Le résultat moyen est 4 sur 10
Statistiques - réponses
Région/Collectivité Population Commune % Correct
Auvergne-Rhône-Alpes 156.389 Grenoble
99%
Provence-Alpes-Côte-d'Azur 40.656 Gap
63%
Provence-Alpes-Côte-d'Azur 48.669 Grasse
61%
Île-de-France 50.874 Gennevilliers
48%
Île-de-France 42.388 Garges-lès-Gonesse
41%
Île-de-France 26.500 Grigny
41%
Île-de-France 40.790 Gagny
28%
Île-de-France 26.959 Gonesse
26%
Île-de-France 30.952 Goussainville
20%
Île-de-France 29.758 Guyancourt
9%
Aucun quiz correspondant
Distribution des résultats
% des personnes avec chaque résultat
Percentile par nombre de réponses
Votre historique - résultats
Vous n’avez pas pris ce quiz